| Tag |
First Indicator |
Second Indicator |
Subfields |
| LEADER |
00000cam a2200000 a 4500 |
| 001 |
in00000441421 |
| 005 |
20151012065435.0 |
| 007 |
he bm----b--- |
| 008 |
780512r19771977fr bb 00010 eng d |
| 020 |
|
|
|a 9283512502
|
| 035 |
|
|
|a (OCoLC)03890838
|
| 035 |
|
|
|9 ABW3861AM
|
| 040 |
|
|
|a IRU
|c IRU
|d TXA
|d UtOrBLW
|
| 049 |
|
|
|a TXAI
|
| 099 |
|
|
|a fiche
|a S
|a 144
|a no. 228
|
| 100 |
1 |
|
|a Barrois, W.
|q (William G.)
|
| 245 |
1 |
0 |
|a Use of general fatigue data in the interpretation of full-scale fatigue tests /
|c W. Barrois.
|
| 264 |
|
1 |
|a Neuilly sur Seine, France :
|b North Atlantic Treaty Organization, Advisory Group for Aerospace Research and Development,
|c 1977.
|
| 300 |
|
|
|a 71 pages :
|b illustrations ;
|c 30 cm.
|
| 336 |
|
|
|a text
|b txt
|2 rdacontent
|
| 337 |
|
|
|a microform
|b h
|2 rdamedia
|
| 338 |
|
|
|a microfiche
|b he
|2 rdacarrier
|
| 490 |
1 |
|
|a AGARDograph ;
|v no. 228
|
| 500 |
|
|
|a "Sponsored by the Structures and Materials Panel of AGARD."
|
| 504 |
|
|
|a Bibliography: page 67.
|
| 533 |
|
|
|a Microfiche.
|b Neuilly sur Seine, France :
|c North Atlantic Treaty Organization, Advisory Group for Aerospace Research and Development,
|d 1977.
|e 1 microfiche : negative ; 11 x 15 cm.
|
| 500 |
|
|
|a Microform.
|
| 650 |
|
0 |
|a Fatigue testing machines.
|
| 650 |
|
0 |
|a Materials
|x Fatigue.
|
| 710 |
2 |
|
|a North Atlantic Treaty Organization.
|b Advisory Group for Aerospace Research and Development.
|b Structures and Materials Panel.
|
| 830 |
|
0 |
|a AGARDograph ;
|v no. 228.
|
| 999 |
|
|
|a MARS
|
| 999 |
f |
f |
|s 5f43ef02-6c3f-31a9-b3e4-27e2d6cb7363
|i a09620db-0731-3581-86cd-9ce9f1732677
|t 0
|
| 952 |
f |
f |
|p normal
|a Texas A&M University
|b College Station
|c Sterling C. Evans Library
|d Evans: Microforms (3rd floor)
|t 0
|e fiche S 144 no.228
|h Other scheme
|i microform -- microfiche
|m A14833855960
|
| 998 |
f |
f |
|a fiche S 144 no.228
|t 0
|l Evans: Microforms (3rd floor)
|